| 000 | 00493 a2200169 4500 | ||
|---|---|---|---|
| 005 | 20260302122143.0 | ||
| 008 | 260302b |||||||| |||| 00| 0 eng d | ||
| 020 | _a9789360800758 | ||
| 040 | _cSDCL | ||
| 041 |
_2eng _aeng |
||
| 084 | _aY492.1'M R5 | ||
| 100 | _aStephen S. Jeyaseela | ||
| 245 | _aSlaves from the Tamil Coast and European Trade Around the World, 1547-1792 | ||
| 260 |
_aNew Delhi : _bManohar Publishers and Distributors, _c2025. |
||
| 300 | _a216p. | ||
| 942 |
_cTEXL _2CC |
||
| 999 |
_c1678323 _d1678323 |
||